000 01046cab a2200289 4500
001 ABS55927
008 090401t1996 xxu||||| |||| 00| 0 eng d
035 _a(Sirsi) u19875
041 _aeng
100 _aJack, A.G.
245 _aAssessment of existing foundations using NDT
260 _c1996
350 _a0
490 _aConstruction Repair
_vSeptember/October 1996, 12-17(5)
520 _aExamines the use of non-destructive testing methods in foundation investigations including the seismic transmission method, application of ground penetrating radar and use of geomagnetic fields.
650 _aBUILT ENVIRONMENT-BUILDING ELEMENTS-COMPLETE BUILDING ELEMENTS-FOUNDATIONS
650 _aGEOPHYSICAL INVESTIGATIONS
650 _aGEOPHYSICAL MEASURING
650 _aGROUND PENETRATING RADAR
650 _aNON-DESTRUCTIVE TESTING
650 _aSEISMIC TRANSMISSION
650 _aSUBTERREANEAN SURVEYING
690 _aBUILT ENVIRONMENT-CONSTRUCTION DESIGN
700 _aVeness, K.J.
942 _n0
948 _c04/03/1997
999 _c13317
_d13317